Nommez un État des États-Unis Valide pour Chaque Nombre de Lettres - Statistiques

Statistiques générales
  • Ce quiz a été pris 119 fois
    43 depuis la dernière actualisation
  • Le résultat moyen est 8 sur 10
Statistiques - réponses
Lettres Réponses possibles % Correct
4 Iowa | Ohio | Utah
100%
7 Alabama | Arizona | Floride | Géorgie | Indiana | Montana | Vermont | Wyoming
94%
6 Alaska | Kansas | Nevada | Oregon
94%
8 Arkansas | Colorado | Delaware | Illinois | Kentucky | Maryland | Michigan | Missouri | Nebraska | Oklahoma | Virginie
94%
5 Hawaï | Idaho | Maine | Texas
94%
10 Californie | Washington
89%
9 Louisiane | Minnesota | Tennessee | Wisconsin
61%
11 Connecticut | Mississippi
56%
12 Pennsylvanie
39%
13 Massachusetts
33%
Aucun quiz correspondant
Distribution des résultats
% des personnes avec chaque résultat
Percentile par nombre de réponses
Votre historique - résultats
Vous n’avez pas pris ce quiz depuis la dernière actualisation